000 00349nam a2200121Ia 4500
008 220204s9999 xx 000 0 und d
082 _a678.4:631.584S
_bABR
100 _aAbraham, P D
245 0 _aKacang soya (Glycine Max L) Tanaman Kontan Bagi Pekebun Kecil
260 _aKuala Lumpur
_bRRIM
_c1974
650 _aSoyaben intercropping
942 _cBK
999 _c34286
_d34286